Los dragones de Krynn / (Registro nro. 10969)

Detalles MARC
000 -LIDER
fixed length control field 00860nam a22002777a 4500
001 - NÚMERO DE CONTROL
Identificador de número de control 000406
003 - IDENTIFICACDOR DE NÚMERO DE CONTROL
control field DO-SdBNP
005 - DATE AND TIME OF LATEST TRANSACTION
control field 20180125114804.0
007 - CAMPOS FIJOS DE DESCRIPCIÓN FÍSICA
fixed length control field 000406
008 - ELEMENTOS DE LONGITUD FIJA
fixed length control field 160720b 2005 sp ||||| |||| 00| 0 spa d
020 ## - ISBN
International Standard Book Number 9788448032586
040 ## - FUENTE DE CATALOGACIÓN
Agencia que crea de manera original el registro BPMSU
Idioma de catalogación spa
Agencia que realiza la transcripción BPMSU
092 ## - LOCALLY ASSIGNED DEWEY DECIMAL CALL NUMBER
Número de clasificación xxxx
Número de ítem (Cutter) xxxx
240 10 - TITULO UNIFORME
Título uniforme The dragons of Krynn.
Idioma de una obra Español
245 04 - MENCIÓN DE TITULO
Título Los dragones de Krynn /
Mención de responsabilidad edición Margaret Weis y Tracy Hickman ; traducción Marta Pascual.
260 ## - PUBLICACIÓN, DISTRIBUCIÓN, ETC. (PIE DE IMPRENTA)
Lugar de publicación, distribución, etc Barcelona :
Nombre del editor, distribuidor, etc. Scyla,
Fecha de publicación, distribución, etc 2005.
300 ## - DESCRIPCIÓN FÍSICA
Extensión 238 p. ;
Dimensiones 19 cm.
500 ## - NOTA GENERAL
Nota general Segunda impresión: julio de 2005.
700 12 - ASIENTO SECUNDARIO -- NOMBRE PERSONAL
Nombre personal Weis, Margaret,
Mención de responsabilidad ed.
700 12 - ASIENTO SECUNDARIO -- NOMBRE PERSONAL
Nombre personal Hickman, Tracy,
Fechas asociadas con el nombre 1955-
700 12 - ASIENTO SECUNDARIO -- NOMBRE PERSONAL
Nombre personal Pascual, Marta,
Mención de responsabilidad tr.
942 ## - ADDED ENTRY ELEMENTS (KOHA)
Source of classification or shelving scheme Dewey Decimal Classification
Koha item type Libros
945 ## - INFORMACIÓN DE PROCESAMIENTO LOCAL
Información de procesamiento local Inventariado, 2018 / BT
956 ## - LOCAL ELECTRONIC LOCATION AND ACCESS (OCLC)
Método de acceso LOPEREZ
Materiales especificados 10
Enlace 20160720
Campo enlazado y núm. de secuencia BPMSU
Nombre de host 00041
956 ## - LOCAL ELECTRONIC LOCATION AND ACCESS (OCLC)
Nombre de host BTAVAREZ
Número de acceso 10
Trayectoria 20180125
Nombre Electrónico BPMSU
Procesador de solicitud 0038
Existencias
Withdrawn status Lost status Source of classification or shelving scheme Damaged status Not for loan Collection code Home library Current library Date acquired Source of acquisition Total Checkouts Barcode Date last seen Price effective from Koha item type
    Dewey Decimal Classification     Colección General Biblioteca Pública Metropolitana Salomé Ureña Biblioteca Pública Metropolitana Salomé Ureña 07/20/2016 Sin sellar   BPMSU16070573 07/20/2016 07/20/2016 Libros